| Tag |
First Indicator |
Second Indicator |
Subfields |
| LEADER |
00000cam a2200000La 4500 |
| 001 |
in00001750721 |
| 005 |
20220105110238.0 |
| 006 |
m u |
| 007 |
cr cn--------- |
| 008 |
010206s1996 nyua sb 001 0 eng d |
| 020 |
|
|
|a 0585342741 (electronic bk.)
|
| 035 |
|
|
|a (OCoLC)ocm47011494
|
| 040 |
|
|
|a N$T
|c N$T
|d OCL
|d OCLCQ
|d UtOrBLW
|
| 049 |
|
|
|a IICA
|
| 050 |
1 |
4 |
|a HC51
|b .K49 1996eb
|
| 082 |
0 |
4 |
|a 330.9
|2 20
|
| 100 |
1 |
|
|a Kindleberger, Charles P.,
|d 1910-2003.
|0 http://id.loc.gov/authorities/names/n50048184
|
| 245 |
1 |
0 |
|a World economic primacy :
|b 1500 to 1990 /
|c Charles P. Kindleberger.
|
| 246 |
3 |
|
|a 1500-1990
|
| 264 |
|
1 |
|a New York :
|b Oxford University Press,
|c 1996.
|
| 300 |
|
|
|a xiv, 269 pages :
|b illustrations ;
|c 24 cm.
|
| 336 |
|
|
|a text
|b txt
|2 rdacontent
|
| 337 |
|
|
|a computer
|b c
|2 rdamedia
|
| 338 |
|
|
|a online resource
|b cr
|2 rdacarrier
|
| 504 |
|
|
|a Includes bibliographical references (pages 229-256) and index.
|
| 533 |
|
|
|a Electronic reproduction.
|b Boulder, Colo. :
|c NetLibrary,
|d 2001.
|n Available via World Wide Web.
|n Access may be limited to NetLibrary affiliated libraries.
|
| 500 |
|
|
|a Electronic resource.
|
| 650 |
|
0 |
|a Economic history.
|0 http://id.loc.gov/authorities/subjects/sh85040817
|
| 655 |
|
7 |
|a Electronic books.
|2 local
|
| 710 |
2 |
|
|a NetLibrary, Inc.
|0 http://id.loc.gov/authorities/names/no99080690
|
| 776 |
1 |
|
|c Original
|z 0195099028
|w (DLC) 95010091
|w (OCoLC)32132660
|
| 856 |
4 |
1 |
|u https://proxy.library.tamu.edu/login?url=http://www.netLibrary.com/urlapi.asp?action=summary&v=1&bookid=53312
|z Connect to the full text of this electronic book
|t 0
|
| 994 |
|
|
|a X0
|b IIC
|
| 999 |
|
|
|a MARS
|
| 999 |
f |
f |
|s 8b7ce378-36d6-3f4e-a913-4aac22a4910c
|i 48c24f87-9e05-3501-ac7f-cc5ef68eaeb9
|t 0
|
| 952 |
f |
f |
|a Texas A&M University
|b College Station
|c Electronic Resources
|d Available Online
|t 0
|e HC51 .K49 1996eb
|h Library of Congress classification
|
| 998 |
f |
f |
|a HC51 .K49 1996eb
|t 0
|l Available Online
|